[Event "27. Torneo San Viator 2016 - Troneo B"]
[Site "Madrid ESP"]
[Date "2016.10.09"]
[Round "3.26"]
[White "Prieto Gonzalez, Cesar"]
[Black "Pedraza Del Toro, Marcos"]
[Result "1-0"]
[WhiteElo "1503"]
[BlackElo "1091"]
[PlyCount "107"]
[EventDate "2016.09.25"]
[EventType "swiss"]
[EventRounds "9"]
[EventCountry "ESP"]
[Source "lmi"]
[SourceDate "2016.09.25"]

1. e4 c6 2. Nf3 Nf6 3. Nc3 g6 4. d4 d6 5. Bf4 Bg7 6. Bd3 O-O 7. Qd2 Nbd7 8. h3
e5 9. dxe5 dxe5 10. Nxe5 Nxe5 11. Bxe5 Nh5 12. Bxg7 Nxg7 13. O-O-O Ne6 14. Qe3
Qg5 15. Qxg5 Nxg5 16. f4 Ne6 17. Rhf1 Nc5 18. Be2 Re8 19. Bf3 b6 20. g4 Ba6 21.
Rfe1 Rad8 22. e5 Rxd1+ 23. Rxd1 Rc8 24. Rd6 Bb7 25. Ne4 Nxe4 26. Bxe4 Ba8 27.
Kd2 c5 28. Bxa8 Rxa8 29. Kd3 Kg7 30. Kc4 h5 31. g5 b5+ 32. Kxc5 Rc8+ 33. Rc6
Rxc6+ 34. Kxc6 b4 35. Kb7 Kf8 36. Kxa7 Ke7 37. a4 bxa3 38. bxa3 Ke6 39. a4 Kf5
40. a5 Kxf4 41. a6 Kg3 42. Kb6 Kxh3 43. a7 h4 44. a8=Q Kg3 45. Qh1 h3 46. c4 h2
47. c5 Kh3 48. c6 Kg3 49. c7 Kh3 50. c8=Q+ Kg3 51. Qcc6 Kf4 52. Qf6+ Kg4 53.
Qhf3+ Kh4 54. Q6f4# 1-0

[Event "27. Torneo San Viator 2016 - Troneo B"]
[Site "Madrid ESP"]
[Date "2016.10.09"]
[Round "3.27"]
[White "Lozano Serrano, Nuria"]
[Black "Pastor Martinez, Mario"]
[Result "0-1"]
[WhiteElo "1188"]
[BlackElo "1475"]
[PlyCount "116"]
[EventDate "2016.09.25"]
[EventType "swiss"]
[EventRounds "9"]
[EventCountry "ESP"]
[Source "lmi"]
[SourceDate "2016.09.25"]

1. c4 c5 2. Nc3 Nf6 3. g3 g6 4. Bg2 Bg7 5. Nf3 O-O 6. O-O Nc6 7. d4 cxd4 8.
Nxd4 Nxd4 9. Qxd4 d6 10. Bg5 Nd7 11. Qd2 Re8 12. Rad1 Rb8 13. Rfe1 Ne5 14. c5
Nc4 15. Qc2 h6 16. Bf4 g5 17. Be3 Nxe3 18. fxe3 Bxc3 19. Qxc3 Qc7 20. cxd6 Qxc3
21. bxc3 exd6 22. Rxd6 Be6 23. a3 Kg7 24. Rdd1 b6 25. Rc1 Bc4 26. e4 Rbd8 27.
Rcd1 Rxd1 28. Rxd1 Bxe2 29. Rd7 a6 30. Rd6 Rc8 31. Rxb6 Rxc3 32. a4 Ra3 33. Rb4
a5 34. Rd4 Rd3 35. Rxd3 Bxd3 36. e5 Bc2 37. Bc6 Kf8 38. Kf2 Ke7 39. Ke3 Ke6 40.
Kd4 Bb3 41. Bb5 Bd5 42. Bc4 Bxc4 43. Kxc4 Kxe5 44. Kb5 f5 45. Kxa5 f4 46. gxf4+
gxf4 47. Kb5 f3 48. a5 f2 49. a6 f1=Q+ 50. Kb6 Qf7 51. a7 Qe6+ 52. Kb7 Qd7+ 53.
Kb6 Qc8 54. h3 h5 55. h4 Kf4 56. Kb5 Qb7+ 57. Ka5 Qa6+ 58. Kb4 Kg4 0-1

[Event "27. Torneo San Viator 2016 - Troneo B"]
[Site "Madrid ESP"]
[Date "2016.10.09"]
[Round "3.28"]
[White "Aguilera Prada, Alejandro"]
[Black "Garcia Pumarega, Cesar"]
[Result "1-0"]
[WhiteElo "1459"]
[BlackElo "1274"]
[PlyCount "59"]
[EventDate "2016.09.25"]
[EventType "swiss"]
[EventRounds "9"]
[EventCountry "ESP"]
[Source "lmi"]
[SourceDate "2016.09.25"]

1. d4 Nf6 2. Bf4 d6 3. Nf3 g6 4. e3 Bg7 5. c4 Ne4 6. Bd3 e5 7. dxe5 Nc5 8. Qc2
O-O 9. exd6 Nxd3+ 10. Ke2 Nxf4+ 11. exf4 Qxd6 12. g3 Bf5 13. Qb3 Qb6 14. Qxb6
axb6 15. Nc3 Re8+ 16. Kd2 Bxc3+ 17. Kxc3 Re2 18. Rhd1 Rxf2 19. Rd8+ Kg7 20. Nd4
Rxh2 21. a3 Nc6 22. Rxa8 Nxd4 23. Kxd4 Rxb2 24. Re1 Rb3 25. Re7 Rxg3 26. Rxc7
h5 27. Rxb7 h4 28. Raa7 h3 29. Rxf7+ Kh6 30. Rh7# 1-0

[Event "27. Torneo San Viator 2016 - Troneo B"]
[Site "Madrid ESP"]
[Date "2016.10.09"]
[Round "3.29"]
[White "Coronado Riscos, Hector"]
[Black "Garcia Taheno, Juan"]
[Result "0-1"]
[WhiteElo "1034"]
[BlackElo "1448"]
[PlyCount "68"]
[EventDate "2016.09.25"]
[EventType "swiss"]
[EventRounds "9"]
[EventCountry "ESP"]
[Source "lmi"]
[SourceDate "2016.09.25"]

1. d4 d5 2. Nf3 Nf6 3. Bg5 Nbd7 4. e3 c6 5. Nbd2 h6 6. Bh4 e6 7. c4 Be7 8. Be2
O-O 9. O-O Nh7 10. Bxe7 Qxe7 11. a3 a6 12. Re1 Re8 13. Bd3 Ng5 14. Rc1 e5 15.
e4 dxe4 16. Nxe4 Nxe4 17. Rxe4 f6 18. dxe5 Nxe5 19. Nxe5 fxe5 20. Qh5 Bd7 21.
Rce1 Qd6 22. R1e3 Re6 23. f4 exf4 24. Rxe6 Bxe6 25. Qe5 Qxe5 26. Rxe5 Kf7 27.
Kf2 Kf6 28. Re4 g5 29. h3 Rd8 30. Ke2 Bf5 31. b4 Bxe4 32. Bxe4 Ke5 33. Bf3 Kd4
34. c5 Kc3 0-1

[Event "27. Torneo San Viator 2016 - Troneo B"]
[Site "Madrid ESP"]
[Date "2016.10.09"]
[Round "3.30"]
[White "Lavado Pena, David"]
[Black "Berlana San Segundo, Miguel"]
[Result "0-1"]
[WhiteElo "1026"]
[BlackElo "1440"]
[PlyCount "120"]
[EventDate "2016.09.25"]
[EventType "swiss"]
[EventRounds "9"]
[EventCountry "ESP"]
[Source "lmi"]
[SourceDate "2016.09.25"]

1. c4 e5 2. Nc3 Nf6 3. g3 d5 4. cxd5 Nxd5 5. Bg2 c6 6. e3 Be6 7. Nge2 Bg4 8. h3
Bh5 9. Nxd5 cxd5 10. O-O Nc6 11. d4 e4 12. a3 Bd6 13. Qd2 Qa5 14. b4 Bxb4 15.
axb4 Qxa1 16. Bb2 Qa4 17. Bc3 Qb5 18. Nf4 Bf3 19. Ra1 g5 20. Bf1 Qb6 21. Nxd5
Qd8 22. Nf6+ Qxf6 23. d5 Qd6 24. Bxh8 Ne7 25. Bc3 Qxd5 26. Qxd5 Nxd5 27. Bd2 a6
28. b5 a5 29. Rxa5 Rxa5 30. Bxa5 f5 31. Kh2 Ke7 32. Kg1 h5 33. Kh2 Ke6 34. Kg1
Ke5 35. Kh2 Nf6 36. Bc3+ Ke6 37. Bxf6 Kxf6 38. Kg1 b6 39. Kh2 Ke5 40. Kg1 f4
41. Bc4 Bd1 42. Kf1 f3 43. Bf7 Be2+ 44. Ke1 h4 45. g4 Bxb5 46. Bb3 Bd3 47. Ba4
b5 48. Bb3 Bc4 49. Bxc4 bxc4 50. Kd2 Kd5 51. Kc2 Kc6 52. Kc3 Kc5 53. Kc2 Kb4
54. Kb2 c3+ 55. Kc2 Kc4 56. Kc1 Kd3 57. Kd1 c2+ 58. Kc1 Ke2 59. Kxc2 Kxf2 60.
Kd2 Kg2 0-1

[Event "27. Torneo San Viator 2016 - Troneo B"]
[Site "Madrid ESP"]
[Date "2016.10.09"]
[Round "3.35"]
[White "Fogue Caro, David"]
[Black "Periotto Miori, Lautaro"]
[Result "1-0"]
[WhiteElo "1524"]
[BlackElo "1237"]
[PlyCount "83"]
[EventDate "2016.09.25"]
[EventType "swiss"]
[EventRounds "9"]
[EventCountry "ESP"]
[Source "lmi"]
[SourceDate "2016.09.25"]

1. c4 e6 2. Nc3 Nf6 3. g3 c6 4. Bg2 d5 5. cxd5 cxd5 6. d4 Be7 7. Nf3 Nc6 8. O-O
O-O 9. a3 a6 10. b4 b5 11. Qc2 Nd7 12. Nxd5 exd5 13. Qxc6 Nb6 14. Qc2 Bd7 15.
Ne5 Rc8 16. Qb3 Be8 17. Bb2 f6 18. Nd3 Kh8 19. Nc5 Bxc5 20. dxc5 Nc4 21. Rad1
Bf7 22. Rd4 Rc7 23. Rfd1 Qe7 24. e3 Rd7 25. Bxd5 Bxd5 26. Rxd5 Rxd5 27. Rxd5
Qe4 28. Rd1 Re8 29. Bd4 Qf3 30. a4 Rd8 31. axb5 axb5 32. Re1 Nd2 33. Qd3 Ne4
34. Qf1 Ng5 35. Qg2 Ra8 36. h4 Qxg2+ 37. Kxg2 Ne6 38. Ra1 Rc8 39. Kf3 Kg8 40.
Ke4 Rd8 41. Ra6 Kf8 42. Rxe6 1-0

[Event "27. Torneo San Viator 2016 - Troneo B"]
[Site "Madrid ESP"]
[Date "2016.10.09"]
[Round "3.36"]
[White "Perez Perez, Marta"]
[Black "Periotto Miori, Caterina"]
[Result "0-1"]
[WhiteElo "1392"]
[BlackElo "1151"]
[PlyCount "130"]
[EventDate "2016.09.25"]
[EventType "swiss"]
[EventRounds "9"]
[EventCountry "ESP"]
[Source "lmi"]
[SourceDate "2016.09.25"]

1. e4 c5 2. Nf3 d6 3. d4 cxd4 4. Nxd4 Nf6 5. Nc3 a6 6. f3 e5 7. Nb3 Be6 8. Be3
Nbd7 9. Qd2 Be7 10. Be2 O-O 11. O-O b5 12. Kh1 b4 13. Nd5 Bxd5 14. exd5 a5 15.
Qd3 Nb6 16. Bxb6 Qxb6 17. Rad1 Rfc8 18. Nd2 Qc5 19. Nc4 Nd7 20. Qe4 Nf6 21. Qd3
Nh5 22. g3 Bg5 23. Qf5 h6 24. f4 g6 25. Qd3 exf4 26. Bxh5 gxh5 27. gxf4 Qxc4
28. Qxc4 Rxc4 29. fxg5 hxg5 30. Rd2 Re8 31. Kg2 Rg4+ 32. Kh1 Rge4 33. Rg1 f6
34. Rf1 Kg7 35. Rff2 Kg6 36. Rg2 Re1+ 37. Rg1 R1e2 38. Rg2 Re1+ 39. Rg1 R8e2
40. Rxe2 Rxe2 41. Rc1 Rd2 42. Kg1 Rxd5 43. Kg2 f5 44. Kg1 Re5 45. c3 f4 46.
cxb4 axb4 47. a3 bxa3 48. bxa3 g4 49. a4 Ra5 50. Rd1 d5 51. Rd4 Kf5 52. Kf2 Ke5
53. Rd3 Rxa4 54. Rd2 h4 55. Re2+ Re4 56. Rd2 g3+ 57. hxg3 fxg3+ 58. Kg2 d4 59.
Kh3 Kf5 60. Kg2 Kg4 61. Rb2 h3+ 62. Kf1 Rf4+ 63. Kg1 Re4 64. Kf1 d3 65. Rd2 g2+
0-1

[Event "27. Torneo San Viator 2016 - Troneo B"]
[Site "Madrid ESP"]
[Date "2016.10.09"]
[Round "3.37"]
[White "Guillo Sanchez-Galiano, Ernest"]
[Black "Gonzalez Morente, Jose A"]
[Result "0-1"]
[WhiteElo "1202"]
[BlackElo "1382"]
[PlyCount "72"]
[EventDate "2016.09.25"]
[EventType "swiss"]
[EventRounds "9"]
[EventCountry "ESP"]
[Source "lmi"]
[SourceDate "2016.09.25"]

1. d4 Nf6 2. Bf4 g6 3. Nf3 Bg7 4. c3 O-O 5. h3 d6 6. e3 c5 7. Bc4 Nbd7 8. O-O
Qc7 9. d5 Nb6 10. Na3 Nxc4 11. Nxc4 b5 12. Na3 a6 13. Qd2 Rb8 14. Nc2 Bb7 15.
a4 Bxd5 16. axb5 Bxf3 17. gxf3 axb5 18. e4 Nd7 19. Bh6 Ne5 20. Kg2 Nc4 21. Qc1
Bxh6 22. Qxh6 Nxb2 23. Ne3 e6 24. Ng4 f5 25. exf5 exf5 26. Ne3 Qg7 27. Qf4 Rfd8
28. Ra6 Nd3 29. Qh2 Qe5 30. Rd1 c4 31. Qg1 Qxc3 32. Nd5 Qe5 33. Ne3 d5 34. Rda1
Nf4+ 35. Kf1 d4 36. Ng2 Qe2# 0-1

[Event "27. Torneo San Viator 2016 - Troneo B"]
[Site "Madrid ESP"]
[Date "2016.10.09"]
[Round "3.39"]
[White "Vicioso Barbadillo, Juan J"]
[Black "Garcia Lozano, Javier"]
[Result "1-0"]
[WhiteElo "1100"]
[BlackElo "1359"]
[PlyCount "117"]
[EventDate "2016.09.25"]
[EventType "swiss"]
[EventRounds "9"]
[EventCountry "ESP"]
[Source "lmi"]
[SourceDate "2016.09.25"]

1. e4 e5 2. Nf3 Nc6 3. Bc4 Bc5 4. d3 Nf6 5. Nc3 d6 6. O-O Bg4 7. Bg5 h6 8. Bxf6
Qxf6 9. Nd5 Qd8 10. h3 Bh5 11. a3 Na5 12. b4 Nxc4 13. dxc4 Bd4 14. c3 Bb6 15.
Nxb6 cxb6 16. Qd5 Bxf3 17. gxf3 Qd7 18. Rad1 Rd8 19. c5 bxc5 20. bxc5 O-O 21.
cxd6 Rfe8 22. Rb1 Re6 23. Rxb7 Rg6+ 24. Kh2 Qe6 25. Qxe6 Rxe6 26. d7 Rd6 27.
Rfb1 R8xd7 28. Rxd7 Rxd7 29. c4 Rd3 30. Kg2 Rxa3 31. Rc1 Ra6 32. c5 Rc6 33. Kg3
a5 34. Kg4 Kf8 35. h4 a4 36. h5 a3 37. Kf5 a2 38. Ra1 Rxc5 39. Rxa2 f6 40. Ra8+
Ke7 41. Ra7+ Kf8 42. Kg6 Rc1 43. Rf7+ Ke8 44. Kxg7 Rg1+ 45. Kxf6 Rg5 46. Re7+
Kf8 47. Rxe5 Rg7 48. Rd5 Rf7+ 49. Kg6 Rxf3 50. Kxh6 Rf6+ 51. Kg5 Rxf2 52. h6
Rg2+ 53. Kf5 Kg8 54. Rd8+ Kh7 55. Rd6 Rg8 56. e5 Rf8+ 57. Rf6 Re8 58. e6 Re7
59. Rf7+ 1-0

[Event "27. Torneo San Viator 2016 - Troneo B"]
[Site "Madrid ESP"]
[Date "2016.10.09"]
[Round "3.43"]
[White "Mora Gonzalez-Rojas, Francisco"]
[Black "Rufo Yebra, Benito"]
[Result "1-0"]
[WhiteElo "1283"]
[BlackElo "1393"]
[PlyCount "115"]
[EventDate "2016.09.25"]
[EventType "swiss"]
[EventRounds "9"]
[EventCountry "ESP"]
[Source "lmi"]
[SourceDate "2016.09.25"]

1. e4 e6 2. Nf3 Bc5 3. Bc4 d5 4. exd5 exd5 5. Bb3 Qe7+ 6. Qe2 Qxe2+ 7. Kxe2 Be6
8. d4 Bb6 9. Nc3 Nf6 10. Na4 Nbd7 11. Nxb6 Nxb6 12. Bf4 O-O-O 13. Be5 Nbd7 14.
Bg3 Bg4 15. h3 Rhe8+ 16. Kd3 Bf5+ 17. Kc3 Ne4+ 18. Kb4 Nb6 19. Rhe1 f6 20. c4
dxc4 21. Bxc4 a5+ 22. Kb3 Nxc4 23. Kxc4 Be6+ 24. Kd3 Nc5+ 25. Kc3 Na4+ 26. Kc2
Nb6 27. b3 Nd5 28. a3 g5 29. Rad1 b5 30. Kb2 h5 31. Nd2 f5 32. Be5 g4 33. h4 b4
34. a4 Nc3 35. Rc1 c5 36. Bf6 Rd7 37. Nc4 Kc7 38. dxc5 Bf7 39. Rxe8 Bxe8 40.
Bxc3 bxc3+ 41. Rxc3 Rd1 42. Nxa5 Rd2+ 43. Rc2 Rd5 44. Ka3 f4 45. b4 Bf7 46. c6
g3 47. f3 Bg6 48. Re2 Bd3 49. Rd2 Kb6 50. Kb3 Rxa5 51. Rxd3 Rc5 52. Kb2 Re5 53.
Rc3 Kc7 54. b5 Re1 55. a5 Re5 56. b6+ Kd6 57. Rc4 Re2+ 58. Kb3 1-0

[Event "27. Torneo San Viator 2016 - Troneo B"]
[Site "Madrid ESP"]
[Date "2016.10.09"]
[Round "3.44"]
[White "Jimenez Perez, Federico"]
[Black "Furones Diez, Jose Luis"]
[Result "1-0"]
[WhiteElo "1377"]
[BlackElo "1173"]
[PlyCount "74"]
[EventDate "2016.09.25"]
[EventType "swiss"]
[EventRounds "9"]
[EventCountry "ESP"]
[Source "lmi"]
[SourceDate "2016.09.25"]

1. e4 e5 2. Nf3 Nc6 3. Bb5 Nf6 4. d3 Be7 5. O-O O-O 6. Re1 Re8 7. a3 Ng4 8. h3
Nf6 9. Bg5 d5 10. Bxf6 Bxf6 11. exd5 Qxd5 12. Bc4 Qd7 13. Nc3 Nd4 14. Re4 Nxf3+
15. Qxf3 Qd6 16. Nd5 b6 17. Nxf6+ Qxf6 18. Qg3 Bb7 19. Rg4 g6 20. Re1 Bc8 21.
Rg5 Kg7 22. Rgxe5 Rxe5 23. Rxe5 Be6 24. Bxe6 fxe6 25. d4 Re8 26. c4 c5 27. d5
Kf7 28. Qe3 b5 29. b3 a6 30. d6 bxc4 31. bxc4 Kg7 32. Qxc5 Qd8 33. Qd4 Qd7 34.
Rxe6+ Kh6 35. Rxe8 Qxe8 36. c5 Qe1+ 37. Kh2 Qa1 1-0

[Event "27. Torneo San Viator 2016 - Troneo B"]
[Site "Madrid ESP"]
[Date "2016.10.12"]
[Round "4.1"]
[White "Fernandez Estremera, Fernando"]
[Black "Navarro Gonzalez, Jaime"]
[Result "1/2-1/2"]
[WhiteElo "1652"]
[BlackElo "1733"]
[PlyCount "66"]
[EventDate "2016.09.25"]
[EventType "swiss"]
[EventRounds "9"]
[EventCountry "ESP"]
[Source "lmi"]
[SourceDate "2016.09.25"]

1. d4 Nf6 2. c4 c5 3. d5 e6 4. Nc3 exd5 5. cxd5 d6 6. e4 g6 7. h3 Bg7 8. Bd3
O-O 9. Bg5 Na6 10. a3 Nc7 11. Nf3 Bd7 12. a4 a6 13. a5 Nb5 14. O-O Nxc3 15.
bxc3 b5 16. axb6 Qxb6 17. Qc2 Bb5 18. Rfb1 Bxd3 19. Qxd3 Qc7 20. Nd2 a5 21. Nc4
Rfe8 22. f3 Nd7 23. Bf4 Ne5 24. Bxe5 Bxe5 25. Nxe5 Rxe5 26. Qb5 f5 27. Ra4 fxe4
28. fxe4 Rae8 29. Qc6 Qe7 30. Rb7 Qg5 31. Qd7 Qe3+ 32. Kh1 Qc1+ 33. Kh2 Qf4+
1/2-1/2

[Event "27. Torneo San Viator 2016 - Troneo B"]
[Site "Madrid ESP"]
[Date "2016.10.12"]
[Round "4.2"]
[White "Serrano Gonzalez, Oscar"]
[Black "Mateos Cordero, Francisco"]
[Result "1-0"]
[WhiteElo "1714"]
[BlackElo "1637"]
[PlyCount "57"]
[EventDate "2016.09.25"]
[EventType "swiss"]
[EventRounds "9"]
[EventCountry "ESP"]
[Source "lmi"]
[SourceDate "2016.09.25"]

1. d4 d5 2. c4 c6 3. Nc3 e6 4. e4 dxe4 5. Nxe4 Bb4+ 6. Bd2 Bxd2+ 7. Qxd2 Nf6 8.
Ng3 O-O 9. Nf3 Nbd7 10. Bd3 Re8 11. O-O h6 12. Rad1 Qc7 13. Bc2 b6 14. Rfe1 Ba6
15. Ne5 Rad8 16. Qe2 Nxe5 17. dxe5 Rxd1 18. Rxd1 Nd7 19. Qd3 Nf8 20. f4 Re7 21.
Ne4 Rd7 22. Nd6 c5 23. Qg3 Qd8 24. Ba4 Bxc4 25. Bxd7 Qxd7 26. b3 Bd5 27. Qg4
Qc6 28. Rd3 Qc7 29. Ne8 1-0

[Event "27. Torneo San Viator 2016 - Troneo B"]
[Site "Madrid ESP"]
[Date "2016.10.12"]
[Round "4.3"]
[White "Perez Sempere, Alberto"]
[Black "Estevez Sacristan, Deva"]
[Result "0-1"]
[WhiteElo "1748"]
[BlackElo "1600"]
[PlyCount "120"]
[EventDate "2016.09.25"]
[EventType "swiss"]
[EventRounds "9"]
[EventCountry "ESP"]
[Source "lmi"]
[SourceDate "2016.09.25"]

1. e4 e6 2. d3 d5 3. Nd2 Nf6 4. Ngf3 Nc6 5. g3 dxe4 6. dxe4 Bc5 7. Bg2 e5 8.
O-O O-O 9. c3 Be6 10. h3 Qd7 11. Qc2 Bxh3 12. b4 Bxg2 13. Kxg2 Bd6 14. Rh1 Ne7
15. Nc4 Ng6 16. Bg5 Qg4 17. Bxf6 Nf4+ 18. Kg1 Qxf3 19. gxf4 gxf6 20. Qd1 Qxe4
21. Qh5 Qg6+ 22. Kf1 Qxh5 23. Rxh5 Kg7 24. Ke2 Rh8 25. Rg1+ Kf8 26. Kf3 exf4
27. Nxd6 cxd6 28. Kxf4 Rc8 29. Rg3 Rg8 30. Rxh7 Rxg3 31. fxg3 Rxc3 32. b5 Ke7
33. Rh2 Rc5 34. Rb2 Kd7 35. Rb4 Re5 36. a4 Ke6 37. Rc4 Rc5 38. Re4+ Kd7 39. Rd4
d5 40. Kf5 Ke7 41. g4 b6 42. g5 fxg5 43. Kxg5 Ke6 44. Rd1 Rc4 45. Re1+ Re4 46.
Rc1 d4 47. Rc6+ Kd5 48. Rc7 d3 49. Rxf7 Rxa4 50. Rd7+ Kc4 51. Kf4 Kxb5+ 52. Ke3
Ra3 53. Rc7 a5 54. Kd2 a4 55. Rc1 Rb3 56. Rc8 Kb4 57. Rc6 b5 58. Rc7 Ka3 59.
Kc1 b4 60. Kd2 Kb2 0-1

[Event "27. Torneo San Viator 2016 - Troneo B"]
[Site "Madrid ESP"]
[Date "2016.10.12"]
[Round "4.5"]
[White "Mora Marin, Guillermo"]
[Black "San Felipe Gonzalez, Tomas"]
[Result "1-0"]
[WhiteElo "1620"]
[BlackElo "1712"]
[PlyCount "109"]
[EventDate "2016.09.25"]
[EventType "swiss"]
[EventRounds "9"]
[EventCountry "ESP"]
[Source "lmi"]
[SourceDate "2016.09.25"]

1. d4 Nf6 2. c4 e6 3. Nc3 c5 4. Nf3 cxd4 5. Nxd4 Nc6 6. e3 d5 7. Nf3 Bb4 8. Bd2
O-O 9. Bd3 dxc4 10. Bxc4 a6 11. a3 Be7 12. O-O b5 13. Be2 Bb7 14. Qc2 Rc8 15.
Rad1 Qc7 16. Qb1 Ne5 17. Nxe5 Qxe5 18. Bd3 Rfd8 19. Ne2 Qd5 20. Nf4 Qg5 21. Bc3
g6 22. g3 Bf3 23. Be2 Be4 24. Bxf6 Bxb1 25. Bxg5 Rxd1 26. Rxd1 Bc2 27. Rc1 Bxg5
28. Bd3 e5 29. Nh3 Bf6 30. Rxc2 Ra8 31. b3 Ra7 32. Kf1 Kg7 33. f4 exf4 34. exf4
Be7 35. a4 bxa4 36. bxa4 a5 37. Nf2 Bc5 38. Bb5 Re7 39. Nd3 Bd6 40. Rc6 Bc7 41.
Ra6 Bd8 42. Ne5 Rc7 43. Nc6 Bf6 44. Rxa5 Rd7 45. Ke2 Bc3 46. Ra7 Rd2+ 47. Kf3
Rxh2 48. Nd8 Be1 49. Nxf7 Kf6 50. Ne5 Rf2+ 51. Ke4 Ke6 52. Rxh7 Rg2 53. g4 Bc3
54. Nxg6 Rxg4 55. Bd7+ 1-0

[Event "27. Torneo San Viator 2016 - Troneo B"]
[Site "Madrid ESP"]
[Date "2016.10.12"]
[Round "4.6"]
[White "Lopez Benitez, David"]
[Black "Del Rio Perezagua, Mario"]
[Result "1-0"]
[WhiteElo "1679"]
[BlackElo "1600"]
[PlyCount "59"]
[EventDate "2016.09.25"]
[EventType "swiss"]
[EventRounds "9"]
[EventCountry "ESP"]
[Source "lmi"]
[SourceDate "2016.09.25"]

1. f4 Nf6 2. Nf3 g6 3. g3 Bg7 4. Bg2 O-O 5. O-O d5 6. d3 c5 7. c3 Nc6 8. Nbd2
Ng4 9. Nb3 d4 10. cxd4 cxd4 11. Nfxd4 Nxd4 12. h3 Nf6 13. Bd2 Rb8 14. Na5 Nd5
15. Nc4 Be6 16. g4 Qd7 17. Rc1 Rfd8 18. Rf3 Nf6 19. Ne5 Qb5 20. b3 Rbc8 21. Rf1
Nd5 22. Nc4 Qd7 23. Ne5 Bxe5 24. fxe5 Rxc1 25. Qxc1 Rc8 26. Qa3 Rc2 27. Bg5
Rxe2 28. Qxa7 Rxe5 29. Qb8+ Qc8 30. Qxe5 1-0

[Event "27. Torneo San Viator 2016 - Troneo B"]
[Site "Madrid ESP"]
[Date "2016.10.12"]
[Round "4.8"]
[White "Franco Rincon, David"]
[Black "Pastor Martinez, Mario"]
[Result "1-0"]
[WhiteElo "1728"]
[BlackElo "1475"]
[PlyCount "119"]
[EventDate "2016.09.25"]
[EventType "swiss"]
[EventRounds "9"]
[EventCountry "ESP"]
[Source "lmi"]
[SourceDate "2016.09.25"]

1. b4 e5 2. Bb2 Bxb4 3. Bxe5 Nf6 4. e3 Nc6 5. Bb2 O-O 6. Nf3 Re8 7. Be2 d5 8.
c4 Be6 9. cxd5 Bxd5 10. O-O a6 11. d3 Qe7 12. a3 Ba5 13. Nbd2 Rad8 14. Nb3 Bb6
15. Rc1 Bxe3 16. Bxf6 gxf6 17. fxe3 Qxe3+ 18. Rf2 Bxb3 19. Qe1 Nd4 20. Nxd4
Rxd4 21. Kf1 Rf4 22. Rxc7 Rxf2+ 23. Qxf2 Qxf2+ 24. Kxf2 Bd5 25. Bd1 Kf8 26. Bg4
Re7 27. Rc8+ Re8 28. Rc5 Be6 29. Bf3 Rc8 30. Ra5 Rc7 31. d4 Bc8 32. Ra4 b5 33.
Rb4 Rc3 34. a4 Rc4 35. Rxc4 bxc4 36. d5 Ke7 37. Ke3 c3 38. Kd3 c2 39. Kxc2 Kd6
40. Kc3 a5 41. Kd4 Bd7 42. Bd1 f5 43. g3 f6 44. h4 h6 45. Bb3 Bc8 46. Bc4 Bd7
47. Bb5 Bxb5 48. axb5 a4 49. Kc3 Kc5 50. d6 Kxd6 51. Kb4 a3 52. Kxa3 Kc5 53.
Ka4 Kb6 54. Kb4 Kc7 55. Kc5 Kb7 56. b6 h5 57. Kb5 f4 58. gxf4 f5 59. Kc5 Kc8
60. Kc6 1-0

[Event "27. Torneo San Viator 2016 - Troneo B"]
[Site "Madrid ESP"]
[Date "2016.10.12"]
[Round "4.9"]
[White "Garcia Taheno, Juan"]
[Black "Merino Araguas, Jose Javier"]
[Result "0-1"]
[WhiteElo "1448"]
[BlackElo "1718"]
[PlyCount "72"]
[EventDate "2016.09.25"]
[EventType "swiss"]
[EventRounds "9"]
[EventCountry "ESP"]
[Source "lmi"]
[SourceDate "2016.09.25"]

1. e4 e6 2. d4 d5 3. e5 c5 4. f4 Nc6 5. c3 Qb6 6. Nf3 Nh6 7. Bd3 Bd7 8. Be3
Qxb2 9. Nbd2 Qxc3 10. Ke2 Nb4 11. Ne1 Nxd3 12. Nxd3 Bb5 13. Nf3 Qxd3+ 14. Qxd3
Bxd3+ 15. Kxd3 c4+ 16. Kc3 Nf5 17. Bf2 Ne7 18. Rab1 b6 19. Be1 Nc6 20. Kc2 Be7
21. Bc3 h6 22. h4 Kd7 23. g4 Rhb8 24. g5 hxg5 25. hxg5 Rh8 26. Bd2 g6 27. Bc3
Kc7 28. Nd2 a6 29. Nf3 b5 30. Bd2 b4 31. Be3 a5 32. Nd2 a4 33. Bf2 b3+ 34. axb3
axb3+ 35. Kb2 Ba3+ 36. Kc3 Bb4+ 0-1

[Event "27. Torneo San Viator 2016 - Troneo B"]
[Site "Madrid ESP"]
[Date "2016.10.12"]
[Round "4.10"]
[White "Marcelo De La Mata, Daniel"]
[Black "Prieto Gonzalez, Cesar"]
[Result "0-1"]
[WhiteElo "1661"]
[BlackElo "1503"]
[PlyCount "76"]
[EventDate "2016.09.25"]
[EventType "swiss"]
[EventRounds "9"]
[EventCountry "ESP"]
[Source "lmi"]
[SourceDate "2016.09.25"]

1. e4 d6 2. d4 Nf6 3. Nc3 Nbd7 4. g3 e5 5. Nge2 Be7 6. Bg2 c6 7. O-O Qc7 8. f4
h5 9. fxe5 dxe5 10. dxe5 Nxe5 11. Nf4 h4 12. Qe1 hxg3 13. Qxg3 Nfg4 14. Nd3 Bh4
15. Qf4 g5 16. Qd2 Qb6+ 17. Kh1 Nxh2 18. Qe3 Nxf1 19. Qxb6 Bf2+ 20. Bh3 Rxh3+
21. Kg2 Bxb6 22. Nxe5 Ne3+ 23. Bxe3 Bxe3 24. Nc4 Bd4 25. Nd6+ Kd7 26. Nxc8 Rh4
27. Rd1 c5 28. Nb5 Kxc8 29. c3 a6 30. Nd6+ Kc7 31. Nxf7 Rf8 32. cxd4 Rxf7 33.
dxc5 Rxe4 34. a3 Re2+ 35. Kg3 Rxb2 36. Kg4 Rg2+ 37. Kh5 Rf5 38. Rc1 Kc6 0-1

[Event "27. Torneo San Viator 2016 - Troneo B"]
[Site "Madrid ESP"]
[Date "2016.10.12"]
[Round "4.12"]
[White "Berlana San Segundo, Miguel"]
[Black "Fernandez Garcia, Emilio"]
[Result "0-1"]
[WhiteElo "1440"]
[BlackElo "1614"]
[PlyCount "90"]
[EventDate "2016.09.25"]
[EventType "swiss"]
[EventRounds "9"]
[EventCountry "ESP"]
[Source "lmi"]
[SourceDate "2016.09.25"]

1. e4 c6 2. d4 d5 3. exd5 cxd5 4. Nf3 Nf6 5. Nc3 e6 6. Bf4 Bb4 7. Bd2 Nc6 8. a3
Be7 9. Bf4 a6 10. Bd3 O-O 11. O-O b5 12. Qe2 Bb7 13. Be5 h6 14. Bf4 Nh7 15. Ne5
Nxd4 16. Qe3 Nf5 17. Bxf5 exf5 18. Qh3 d4 19. Ne2 Be4 20. Rac1 Rc8 21. Qb3 Ng5
22. Rfd1 Ne6 23. Bg3 Bg5 24. f4 Be7 25. Bf2 Qc7 26. Rd2 Bc5 27. Kh1 Qb7 28. Rg1
Rfd8 29. Nd3 Bb6 30. Bh4 Rd7 31. Bf2 Rdc7 32. Ng3 g6 33. Ne1 Ba5 34. Nxe4 fxe4
35. Rd1 e3 36. Bg3 Bxe1 37. Rgxe1 Rxc2 38. Rg1 Qe4 39. a4 Nxf4 40. Bxf4 Qxf4
41. Rgf1 Rf2 42. Qd3 Rcc2 43. axb5 e2 44. Rxf2 Qxf2 45. Qxc2 Qf1+ 0-1

[Event "27. Torneo San Viator 2016 - Troneo B"]
[Site "Madrid ESP"]
[Date "2016.10.12"]
[Round "4.13"]
[White "Bustos Bernardo, Diego"]
[Black "Fogue Angelina, Hugo"]
[Result "0-1"]
[WhiteElo "1435"]
[BlackElo "1583"]
[PlyCount "68"]
[EventDate "2016.09.25"]
[EventType "swiss"]
[EventRounds "9"]
[EventCountry "ESP"]
[Source "lmi"]
[SourceDate "2016.09.25"]

1. Nf3 d5 2. d4 Nf6 3. c4 c6 4. Nc3 e6 5. Bg5 Nbd7 6. cxd5 cxd5 7. e3 a6 8. Bd3
Be7 9. O-O O-O 10. Rc1 b5 11. Qe2 Bb7 12. Rc2 Rc8 13. Rfc1 Nb6 14. b3 Qd7 15.
Ne5 Qd6 16. Bf4 Qd8 17. Nb1 Nfd7 18. Qg4 Nxe5 19. Bxe5 Bf6 20. Rxc8 Nxc8 21.
Bxf6 Qxf6 22. Rc7 Ba8 23. Ra7 Nxa7 24. Nd2 Rc8 25. h3 Nc6 26. a3 Ne7 27. Qg3
Nf5 28. Qg4 Rc3 29. Qf4 g6 30. Bxf5 Qxf5 31. Qb8+ Kg7 32. Qxa8 Rc1+ 33. Kh2
Qxf2 34. Qxa6 Rg1 0-1